[Event "Chioggia op-B 11th"]
[Site "Chioggia"]
[Date "2016.10.08"]
[Round "3"]
[White "Benetti, Andrea"]
[Black "Petrella, Andrea"]
[Result "0-1"]
[WhiteElo "1248"]
[BlackElo "1527"]
[PlyCount "56"]
[EventDate "2016.10.07"]
[EventType "swiss"]
[EventRounds "5"]
[EventCountry "ITA"]
[SourceTitle "EXT 2022"]
[Source "ChessBase"]
[SourceDate "2021.10.06"]
[SourceVersion "1"]
[SourceVersionDate "2021.10.06"]
[SourceQuality "1"]

1. e4 c5 2. Nc3 d6 3. f4 a6 4. a4 e6 5. Nf3 Ne7 6. Bc4 g6 7. d3 Bg7 8. Be3 0-0 9. 0-0 Nbc6 10. Qd2 f5 11. h3 Kh8 12. g4 fxe4 13. dxe4 Nb4 14. h4 d5 15. exd5 exd5 16. Bxc5 Bxg4 17. Bxb4 Qb6+ 18. Kh2 Qxb4 19. Bb3 Rxf4 20. Kg3 Nf5+ 21. Kg2 Bxf3+ 22. Rxf3 Nxh4+ 23. Kh1 Nxf3 24. Qxd5 Rh4+ 25. Kg2 Qg4+ 26. Kf2 Rh2+ 27. Ke3 Bh6+ 28. Kd3 Rd2# 0-1

[Event "Mestre Cipressina op-B 4th"]
[Site "Mestre"]
[Date "2015.11.27"]
[Round "1"]
[White "Petrella, Andrea"]
[Black "Rossi, Gianni"]
[Result "1-0"]
[WhiteElo "1492"]
[BlackElo "1773"]
[PlyCount "99"]
[EventDate "2015.11.27"]
[EventType "swiss"]
[EventRounds "5"]
[EventCountry "ITA"]
[SourceTitle "EXT 2022"]
[Source "ChessBase"]
[SourceDate "2021.10.06"]
[SourceVersion "1"]
[SourceVersionDate "2021.10.06"]
[SourceQuality "1"]

1. e4 Nf6 2. d3 e5 3. Nc3 d5 4. Nf3 Nc6 5. Bd2 Bc5 6. h3 a6 7. Bg5 Be6 8. exd5 Bxd5 9. Nxd5 Qxd5 10. Bxf6 gxf6 11. Be2 Rg8 12. 0-0 Nd4 13. c3 Ne6 14. Nh4 0-0-0 15. Bf3 Qxd3 16. Qb3 Qb5 17. Qxb5 axb5 18. a4 bxa4 19. Rxa4 c6 20. Nf5 Nf4 21. Nh6 Nxh3+ 22. Kh2 Ng5 23. Nxg8 Rd2 24. Bg4+ Kc7 25. Nxf6 Bxf2 26. Ne8+ Kd8 27. Nd6 Rxb2 28. Nxb7+ Kc7 29. Na5 e4 30. Nc4 Rc2 31. Bd1 Rc1 32. Rxf2 Rxd1 33. Rfa2 Kd7 34. Rd2+ Rxd2 35. Nxd2 e3 36. Nf3 e2 37. Ra1 Ne4 38. Re1 Nxc3 39. Nd4 c5 40. Nxe2 Nxe2 41. Rxe2 Kd6 42. Kg3 Kd5 43. Kf3 Kd4 44. Rd2+ Kc3 45. Ke3 c4 46. Rd7 Kb2 47. Rxf7 h5 48. Rh7 c3 49. Rxh5 c2 50. Rc5 1-0